Sports Quiz

Random Sports Quiz

7 Interceptions 2000s Quiz Stats

 Plays Quiz not verified by Sporcle

Score 0/55 Timer 06:00
0 Plays Today
Team/Year Player % Correct
GB/2006Charles Woodson
94.9%
GB/2008Charles Woodson
94.9%
GB/2009Charles Woodson
94.9%
OAK/2002Rod Woodson
94%
BAL/2003Ed Reed
89.8%
BAL/2004Ed Reed
89.8%
BAL/2007Ed Reed
89.8%
BAL/2008Ed Reed
89.8%
NE/2006Asante Samuel
87.9%
PHI/2009Asante Samuel
87.9%
PHI/2010Asante Samuel
87.9%
GB/2002Darren Sharper
81.4%
GB/2000Darren Sharper
81.4%
MIN/2005Darren Sharper
81.4%
NO/2009Darren Sharper
81.4%
DEN/2005Champ Bailey
76.3%
DEN/2006Champ Bailey
76.3%
PIT/2008Troy Polamalu
74.9%
SD/2007Antonio Cromartie
69.3%
TB/2001Ronde Barber
64.7%
SF/2006Walt Harris
59.1%
OAK/2006Nnamdi Asomugha
51.6%
BUF/2009Jairius Byrd
45.6%
NYJ/2005Ty Law
44.2%
JAC/2006Rashean Mathis
35.3%
GB/2008Nick Collins
35.3%
SEA/2007Marcus Trufant
31.6%
CAR/2005Chris Gamble
29.8%
Team/Year Player % Correct
TEN/2008Michael Griffin
27.4%
CHI/2005Nathan Vasher
26%
DEN/2001Deltha O'Neal
25.6%
CIN/2005Deltha O'Neal
25.6%
BAL/2010Ed Reed
25.1%
TEN/2000Samari Rolle
22.8%
PIT/2010Troy Polamalu
22.8%
MIA/2003Patrick Surtain
22.3%
STL/2007Oshiomogho Atogwe
20.5%
CIN/2004Tory James
14%
NE/2010Devin McCourty
12.6%
TB/2002Brian Kelly
11.6%
SF/2002Tony Parrish
9.3%
SF/2003Tony Parrish
9.3%
SF/2001Ahmed Plummer
7%
MIN/2003Corey Chavous
7%
CLE/2001Anthony Henry
6%
TB/2000Donnie Abraham
6%
MIN/2003Brian Russell
6%
HOU/2003Marcus Coleman
5.1%
MIA/2000Brian Walker
4.7%
STL/2000Dexter McCleon
4.2%
CAR/2001Doug Evans
3.3%
ARI/2001Kwamie Lassiter
2.3%
SD/2001Ryan McNeil
2.3%
SF/2001Zack Bronson
1.9%
DET/2000Kurt Schulz
0.5%

You're not logged in!

Compare scores with friends on all Sporcle quizzes.
OR
Log In

Show Comments

Extras

Top Quizzes Today


Score Distribution

Your Account Isn't Verified!

In order to create a playlist on Sporcle, you need to verify the email address you used during registration. Go to your Sporcle Settings to finish the process.

Report this User

Report this user for behavior that violates our Community Guidelines.

Details: